Handbuch für die Kalkulation von Bauleistungen. Katalog... Band 7 - Wasserbau,... Teil B - Stahlspundwände, ...

Uložené v:
Podrobná bibliografia
Hlavný autor: Duic, W. Z.
Médium: Kniha
Jazyk:Slovak
Vydané: 1970.
Tagy: Pridať tag
Žiadne tagy, Buďte prvý kto otaguje tento záznam!

MARC

LEADER 00000nam a22000004a 4500
001 000531908
005 20170203151632.0
008 170203s1970 xo e 000 0 slo d
040 |a SVKKK  |b slo  |c SVKKK  |e AACR2 
100 1 |a Duic, W. Z. 
245 1 0 |a Handbuch für die Kalkulation von Bauleistungen. Katalog... Band 7 - Wasserbau,... Teil B - Stahlspundwände, ... 
260 |c 1970. 
500 |a Záznam revízie 
910 |a svkkk 
998 |a BK 
090 |g SCKHL  |k Sklad  |a X0.9493  |j 041489  |i 531908-10  |4 Zastaraná  |s Vyradená